<?xml version="1.0" encoding="UTF-8"?>
<record
    xmlns:xsi="http://www.w3.org/2001/XMLSchema-instance"
    xsi:schemaLocation="http://www.loc.gov/MARC21/slim http://www.loc.gov/standards/marcxml/schema/MARC21slim.xsd"
    xmlns="http://www.loc.gov/MARC21/slim">

  <leader>02714cam a2200433 i 4500</leader>
  <controlfield tag="001">18991484</controlfield>
  <controlfield tag="003">NUST</controlfield>
  <controlfield tag="005">20221214144509.0</controlfield>
  <controlfield tag="008">160226s2016    dcu      b    001 0 eng  </controlfield>
  <datafield tag="010" ind1=" " ind2=" ">
    <subfield code="a">  2015046468</subfield>
  </datafield>
  <datafield tag="020" ind1=" " ind2=" ">
    <subfield code="a">978-93-5264-019-5</subfield>
  </datafield>
  <datafield tag="020" ind1=" " ind2=" ">
    <subfield code="a">9780815728337 (alk. paper : hardback)</subfield>
  </datafield>
  <datafield tag="040" ind1=" " ind2=" ">
    <subfield code="a">DLC</subfield>
    <subfield code="b">eng</subfield>
    <subfield code="c">DLC</subfield>
    <subfield code="e">rda</subfield>
    <subfield code="d">DLC</subfield>
  </datafield>
  <datafield tag="042" ind1=" " ind2=" ">
    <subfield code="a">pcc</subfield>
  </datafield>
  <datafield tag="043" ind1=" " ind2=" ">
    <subfield code="a">as-----</subfield>
    <subfield code="a">n-us---</subfield>
  </datafield>
  <datafield tag="050" ind1="0" ind2="0">
    <subfield code="a">DS341</subfield>
    <subfield code="b">.C59 2016</subfield>
  </datafield>
  <datafield tag="082" ind1="0" ind2="0">
    <subfield code="a">307.72,COH</subfield>
    <subfield code="2">23</subfield>
  </datafield>
  <datafield tag="084" ind1=" " ind2=" ">
    <subfield code="a">POL012000</subfield>
    <subfield code="a">POL001000</subfield>
    <subfield code="2">bisacsh</subfield>
  </datafield>
  <datafield tag="100" ind1="1" ind2=" ">
    <subfield code="a">Cohen, Stephen P.,</subfield>
    <subfield code="d">1936-</subfield>
    <subfield code="e">author.</subfield>
    <subfield code="9">104851</subfield>
  </datafield>
  <datafield tag="245" ind1="1" ind2="4">
    <subfield code="a">The South Asia papers :</subfield>
    <subfield code="b">a critical anthology of writings /</subfield>
    <subfield code="c">by Stephen Philip Cohen.</subfield>
  </datafield>
  <datafield tag="264" ind1=" " ind2="1">
    <subfield code="a">Washington, D.C. :</subfield>
    <subfield code="b">Brookings Institution Press,</subfield>
    <subfield code="c">[2016]</subfield>
  </datafield>
  <datafield tag="300" ind1=" " ind2=" ">
    <subfield code="a">xii, 384 pages ;</subfield>
    <subfield code="c">24 cm</subfield>
  </datafield>
  <datafield tag="336" ind1=" " ind2=" ">
    <subfield code="a">text</subfield>
    <subfield code="b">txt</subfield>
    <subfield code="2">rdacontent</subfield>
  </datafield>
  <datafield tag="337" ind1=" " ind2=" ">
    <subfield code="a">unmediated</subfield>
    <subfield code="b">n</subfield>
    <subfield code="2">rdamedia</subfield>
  </datafield>
  <datafield tag="338" ind1=" " ind2=" ">
    <subfield code="a">volume</subfield>
    <subfield code="b">nc</subfield>
    <subfield code="2">rdacarrier</subfield>
  </datafield>
  <datafield tag="505" ind1="0" ind2=" ">
    <subfield code="a">Approaching India's Military and Security Policy, with a Detour through Disaster Studies (Page-1), Rulers and Priests : A Study of Cultural Control (Page-25), Issue, Role, and Personality : The Kitchener-Curzon Dispute (Page-46), Subhas Chandra Bose and the Indian National Army (Page-65), The Untouchable Soldier : Caste, Politics, and the Indian Army (Page-85), The Military -- Toward a Great State in Asia? (Page-129), The State Is Dead : Long Live the Armed Ethnic Group (Page-151), Solving Proliferation Problems in a Regional Context : South Asia (Page-160), State Building in Pakistan (Page-188),  The Jihadist Threat to Pakistan (Page-220), India and Pakistan (Page-240), Kashmir : The Roads Ahead (Page-254), The Reagan Administration and India : Right for the Right Reasons? (Page-270), The Critical Dimensions of a Possible U.S. Strategic Partnership with India (Page-282),How a Botched U.S. Alliance Fed Pakistan's Crisis (Page-292).</subfield>
  </datafield>
  <datafield tag="650" ind1=" " ind2="7">
    <subfield code="a">POLITICAL SCIENCE / Political Freedom &amp; Security / International Security.</subfield>
    <subfield code="2">bisacsh</subfield>
    <subfield code="9">2016</subfield>
  </datafield>
  <datafield tag="650" ind1=" " ind2="7">
    <subfield code="a">POLITICAL SCIENCE / International Relations / Arms Control.</subfield>
    <subfield code="2">bisacsh</subfield>
    <subfield code="9">104852</subfield>
  </datafield>
  <datafield tag="651" ind1=" " ind2="0">
    <subfield code="a">South Asia</subfield>
    <subfield code="x">Politics and government.</subfield>
    <subfield code="9">1314</subfield>
  </datafield>
  <datafield tag="651" ind1=" " ind2="0">
    <subfield code="a">South Asia</subfield>
    <subfield code="x">Foreign relations.</subfield>
    <subfield code="9">104853</subfield>
  </datafield>
  <datafield tag="651" ind1=" " ind2="0">
    <subfield code="a">South Asia</subfield>
    <subfield code="x">Strategic aspects.</subfield>
    <subfield code="9">104854</subfield>
  </datafield>
  <datafield tag="651" ind1=" " ind2="0">
    <subfield code="a">South Asia</subfield>
    <subfield code="x">Military policy.</subfield>
    <subfield code="9">16610</subfield>
  </datafield>
  <datafield tag="651" ind1=" " ind2="0">
    <subfield code="a">India</subfield>
    <subfield code="x">Foreign relations</subfield>
    <subfield code="z">Pakistan.</subfield>
  </datafield>
  <datafield tag="651" ind1=" " ind2="0">
    <subfield code="a">Pakistan</subfield>
    <subfield code="x">Foreign relations</subfield>
    <subfield code="z">India.</subfield>
  </datafield>
  <datafield tag="651" ind1=" " ind2="0">
    <subfield code="a">South Asia</subfield>
    <subfield code="x">Foreign relations</subfield>
    <subfield code="z">United States.</subfield>
    <subfield code="9">104855</subfield>
  </datafield>
  <datafield tag="651" ind1=" " ind2="0">
    <subfield code="a">United States</subfield>
    <subfield code="x">Foreign relations</subfield>
    <subfield code="z">South Asia.</subfield>
    <subfield code="9">104856</subfield>
  </datafield>
  <datafield tag="776" ind1="0" ind2="8">
    <subfield code="i">Online version:</subfield>
    <subfield code="a">Cohen, Stephen P., 1936-</subfield>
    <subfield code="t">South Asia papers</subfield>
    <subfield code="d">Washington, D.C. : Brookings Institution Press, 2016</subfield>
    <subfield code="z">9780815728344</subfield>
    <subfield code="w">(DLC) 2016010164</subfield>
  </datafield>
  <datafield tag="942" ind1=" " ind2=" ">
    <subfield code="2">ddc</subfield>
    <subfield code="c">BK</subfield>
    <subfield code="k">307.72,COH</subfield>
  </datafield>
  <datafield tag="999" ind1=" " ind2=" ">
    <subfield code="c">592686</subfield>
    <subfield code="d">592686</subfield>
  </datafield>
  <datafield tag="952" ind1=" " ind2=" ">
    <subfield code="0">0</subfield>
    <subfield code="1">0</subfield>
    <subfield code="2">ddc</subfield>
    <subfield code="4">0</subfield>
    <subfield code="7">0</subfield>
    <subfield code="a">MCS</subfield>
    <subfield code="b">MCS</subfield>
    <subfield code="c">GEN</subfield>
    <subfield code="d">2022-12-14</subfield>
    <subfield code="l">0</subfield>
    <subfield code="o">307.72,COH</subfield>
    <subfield code="p">MCS37976</subfield>
    <subfield code="r">2022-12-14</subfield>
    <subfield code="w">2022-12-14</subfield>
    <subfield code="y">BK</subfield>
    <subfield code="z">Almirah No.49, Shelf No.3</subfield>
  </datafield>
</record>
